Effectif de la France pendant l'EURO 2024 - Statistiques

Statistiques générales
  • Ce quiz a été pris 199 fois
  • Le résultat moyen est 23 sur 26
Statistiques - réponses
Hint Réponse % Correct
Entraîneur Didier Deschamps
99%
Gardiens Mike Maignan
99%
Attaquants Kylian Mbappé
98%
Attaquants Olivier Giroud
96%
Défenseurs Théo Hernández
96%
Défenseurs Jules Koundé
95%
Gardiens Alphonse Areola
94%
Milieu de terrain Antoine Griezmann
94%
Défenseurs Dayot Upamecano
94%
Attaquants Ousmane Dembélé
94%
Défenseurs William Saliba
94%
Milieu de terrain N'Golo Kanté
93%
Attaquants Randal Kolo Muani
93%
Milieu de terrain Aurélien Tchouameni
92%
Milieu de terrain Eduardo Camavinga
91%
Milieu de terrain Adrien Rabiot
89%
Gardiens Brice Samba
89%
Attaquants Marcus Thuram
89%
Défenseurs Ibrahima Konaté
88%
Défenseurs Benjamin Pavard
87%
Attaquants Bradley Barcola
87%
Attaquants Kingsley Coman
79%
Milieu de terrain Youssouf Fofana
74%
Défenseurs Jonathan Clauss
71%
Milieu de terrain Warren Zaïre-Emery
71%
Défenseurs Ferland Mendy
68%
Aucun quiz correspondant
Distribution des résultats
% des personnes avec chaque résultat
Percentile par nombre de réponses
Votre historique - résultats
Vous n’avez pas pris ce quiz